| Tag |
First Indicator |
Second Indicator |
Subfields |
| LEADER |
00000cam a2200000 a 4500 |
| 001 |
in00000082265 |
| 005 |
20151008061113.0 |
| 008 |
811207s1979 sw a b 00010 engm |
| 010 |
|
|
|a 81469512
|
| 015 |
|
|
|a S***
|
| 020 |
|
|
|a 9140047202 (pbk.)
|
| 035 |
|
|
|a (OCoLC)06546081
|
| 035 |
|
|
|9 AAJ7315AM
|
| 040 |
|
|
|a DLC
|c DLC
|d m.c.
|d TXA
|d UtOrBLW
|
| 049 |
|
|
|a TXAM
|c [1804243]
|
| 050 |
0 |
0 |
|a GN346.6
|b .M33
|
| 082 |
0 |
|
|a 304.2
|2 19
|
| 100 |
1 |
|
|a Mårtensson, Solveig.
|
| 245 |
1 |
0 |
|a On the formation of biographies in space-time environments /
|c by Solveig Martensson.
|
| 264 |
|
1 |
|a Lund :
|b Royal University of Lund, Dept. of Geography :
|b CWK Gleerup,
|c 1979.
|
| 300 |
|
|
|a 189 pages :
|b illustrations ;
|c 25 cm.
|
| 336 |
|
|
|a text
|b txt
|2 rdacontent
|
| 337 |
|
|
|a unmediated
|b n
|2 rdamedia
|
| 338 |
|
|
|a volume
|b nc
|2 rdacarrier
|
| 490 |
1 |
|
|a Lund studies in geography. Ser. B., Human geography ;
|v no. 47
|
| 502 |
|
|
|b Doctoral
|c Lund University.
|
| 504 |
|
|
|a Bibliography: pages 184-189.
|
| 650 |
|
0 |
|a Human ecology
|x Case studies.
|
| 650 |
|
0 |
|a Environmental psychology
|x Case studies.
|
| 650 |
|
0 |
|a Personal space
|x Case studies.
|
| 830 |
|
0 |
|a Lund studies in geography.
|n Ser. B,
|p Human geography ;
|v no. 47.
|
| 999 |
|
|
|a MARS
|
| 999 |
f |
f |
|s b1653cbf-f2fb-3e70-9961-aaccda7876b7
|i 3c23782d-ad4f-3092-af41-e4557255fd37
|t 0
|
| 952 |
f |
f |
|p ric
|a Texas A&M University
|b Rellis Campus
|c Joint Library Facility
|d Remote Storage
|t 0
|e GN346.6 .M33
|h Library of Congress classification
|i unmediated -- volume
|m A14806114294
|
| 998 |
f |
f |
|a GN346.6 .M33
|t 0
|l Remote Storage
|